00646nam a2200205Ia 450000500170000000800410001704000190005804100120007708200160008910000220010524500770012726000390020430000110024350400190025465000300027385000100030394200070031399900170032095201030033720230102094600.0131103s9999 xx 000 0 und d aLoreto College aEnglish a822.09bBRU aBrustein, Robert  aSeasons of discontentb dramatic opinions 1959-1965 cby Robert Brustein aNew YorkbSimon and Schusterc1965 a322p.  aIncludes index aEnglish drama - criticism aLCLIB cBK c22628d73107 00102ddc4070aMAINbMAINd2013-11-04l0o822.09 BRU 18656pB25051r2013-11-04w2013-11-04yBKf